[Event "Nordic School-chT"]
[Site "Jetsmark"]
[Date "2006.09.10"]
[Round "4.3"]
[White "Bohler, Johannes Hova"]
[Black "Heineman, Alexander"]
[Result "1-0"]
[WhiteElo "860"]
[BlackElo "1501"]
[PlyCount "139"]
[EventDate "2006.09.08"]
[EventType "team-tourn"]
[EventRounds "5"]
[EventCountry "DEN"]
[SourceTitle "EXT 2023"]
[Source "ChessBase"]
[SourceDate "2022.10.05"]
[SourceVersion "1"]
[SourceVersionDate "2022.10.05"]
[SourceQuality "1"]
[WhiteTeam "Norway U13"]
[BlackTeam "Sweden U13"]
[WhiteTeamCountry "NOR"]
[BlackTeamCountry "SWE"]

1. e4 c5 2. Nf3 e6 3. c3 d5 4. exd5 Qxd5 5. d4 Nf6 6. Be2 Nc6 7. 0-0 Be7 8. Be3 cxd4 9. Nxd4 Nxd4 10. Qxd4 Qxd4 11. Bxd4 0-0 12. Nd2 Rd8 13. Rfd1 Nd7 14. Nf3 b6 15. Ne5 Bb7 16. Bb5 Nxe5 17. Bxe5 Rac8 18. h3 f6 19. Bg3 Kf8 20. f3 Bc5+ 21. Bf2 Ke7 22. Rac1 Rd6 23. Kf1 Rcd8 24. Bxc5 bxc5 25. Ke1 Rxd1+ 26. Rxd1 Rxd1+ 27. Kxd1 Kd6 28. Kd2 Ke5 29. Ke3 g5 30. g3 f5 31. f4+ gxf4+ 32. gxf4+ Kf6 33. Bd7 e5 34. b4 cxb4 35. cxb4 Bd5 36. a4 Be6 37. Be8 e4 38. b5 Ke7 39. Bc6 Kd6 40. a5 Kc5 41. Be8 Kd6 42. Kd4 Bd7 43. Bf7 Bxb5 44. h4 Bd7 45. h5 h6 46. Bc4 Be8 47. Be2 Ba4 48. Kc4 Kc6 49. Kd4 Bb5 50. Bd1 Kb7 51. Ke5 e3 52. Kxf5 Bd3+ 53. Kf6 e2 54. Bxe2 Bxe2 55. Kg6 Ka6 56. Kxh6 Kxa5 57. f5 Bc4 58. Kg7 Kb4 59. h6 a5 60. h7 a4 61. h8Q a3 62. Kg6 Kb3 63. Qa1 Bd3 64. Kg5 Bc4 65. f6 Bf7 66. Kh6 Bg8 67. Kg7 Be6 68. f7 Bxf7 69. Kxf7 a2 70. Ke6 1-0

[Event "Nordic School-chT"]
[Site "Jetsmark"]
[Date "2006.09.10"]
[Round "5.3"]
[White "Heineman, Alexander"]
[Black "Christensen, Simon Ellegaard"]
[Result "1-0"]
[WhiteElo "1501"]
[BlackElo "1476"]
[PlyCount "111"]
[EventDate "2006.09.08"]
[EventType "team-tourn"]
[EventRounds "5"]
[EventCountry "DEN"]
[SourceTitle "EXT 2023"]
[Source "ChessBase"]
[SourceDate "2022.10.05"]
[SourceVersion "1"]
[SourceVersionDate "2022.10.05"]
[SourceQuality "1"]
[WhiteTeam "Sweden U13"]
[BlackTeam "Denmark U13 II"]
[WhiteTeamCountry "SWE"]
[BlackTeamCountry "DEN"]

1. d4 Nf6 2. c4 e6 3. Nf3 b6 4. Bg5 Bb7 5. e3 Be7 6. Bd3 d6 7. 0-0 Nbd7 8. Nbd2 c5 9. Rc1 h6 10. Bh4 0-0 11. Bb1 Rc8 12. Qa4 a6 13. Qc2 Qc7 14. b3 Rfe8 15. dxc5 dxc5 16. Bg3 Qd8 17. Rfd1 b5 18. Ne5 Nxe5 19. Bxe5 Qb6 20. Bxf6 Bxf6 21. Qh7+ Kf8 22. Ne4 Qc6 23. f3 Red8 24. Nxf6 gxf6 25. Qxh6+ Ke7 26. Be4 Qc7 27. Bxb7 Qxb7 28. Qh4 Rh8 29. Qf4 e5 30. Qf5 Rcg8 31. Rd5 Qc7 32. cxb5 Rg5 33. b6 Qxb6 34. Qd7+ Kf8 35. Qd8+ Qxd8 36. Rxd8+ Kg7 37. Rxh8 Kxh8 38. Rxc5 Rg8 39. Rc6 Ra8 40. Rxf6 Kg7 41. Rb6 f6 42. Kf2 a5 43. Rb5 Kg6 44. g4 Ra7 45. h4 Ra8 46. Kg3 Ra7 47. f4 exf4+ 48. exf4 a4 49. b4 Rd7 50. h5+ Kh6 51. Ra5 Rd3+ 52. Kh4 Ra3 53. g5+ fxg5+ 54. fxg5+ Kh7 55. g6+ Kh6 56. Ra7 1-0